İçeriği atla
Inicio
Centros participantes
Catálogo
Servicios
Contacto
Giriş
English
Deutsch
Español
Français
Italiano
日本語
Nederlands
Português
Português (Brasil)
中文(简体)
中文(繁體)
Türkçe
עברית
Gaeilge
Cymraeg
Ελληνικά
Català
Euskara
Русский
Čeština
Suomi
Svenska
polski
Dansk
slovenščina
اللغة العربية
বাংলা
Galego
Tiếng Việt
Hrvatski
हिंदी
Հայերէն
Українська
Sámegiella
Dil
Tüm Alanlar
Materyal Adı
Yazar
Konu
Yer Numarası
ISBN/ISSN
Etiket
Ara
Gelişmiş
Es un atropello histórico:
Alıntıla
E-posta Gönder
Yazdır
Kaydı İhraç Et
İhraç Et RefWorks
İhraç Et EndNoteWeb
İhraç Et EndNote
Favorilerime ekle
Kalıcı bağlantı
İlk derecelendirmeyi ekleyin
Es un atropello histórico: entrevista /
Kaydedildi:
Detaylı Bibliyografya
Yazar:
Villanueva, Armando
Materyal Türü:
Metin
Konular:
GUERRA
Etiketler:
Etiketle
Etiket eklenmemiş, İlk siz ekleyin!
Erişim Bilgileri
Diğer Bilgiler
Yorumlar
Benzer Materyaller
MARC Görünümü
MARC
LEADER
00000 a a2200000 04500
001
18257
003
040
100
|a
Villanueva, Armando
245
|a
Es un atropello histórico:
|b
entrevista /
|c
Armando Villanueva
650
|a
GUERRA
773
|g
número 95; páginas 120
999
|c
33563
|d
33563
Benzer Materyaller
Enmiendas y atropellos : cuentos /
Yazar:: Garmendia, Salvador, 1928-
Baskı/Yayın Bilgisi: (1979)
Accidentes de tránsito por atropello en San José durante 1992
Yazar:: Sáenz Vargas, Martín
Baskı/Yayın Bilgisi: (1995)
De cómo la paz es la auténtica guerra
Es La hora de la serenidad y el coraje /
Yazar:: Castro Ruz, Fidel
Entrevista /
Yazar:: Hobsbawm, Eric